000 01146nam0a22003131 4500
001 2565982
005 20251118181741.9
021 _aRU
_b79-25515ж
035 _a(NLR Aleph) 006450507
090 _a5733421
_c5733421
100 _a20110316d1979 u y0rusy50 ca
101 0 _arus
102 _aRU
105 _aa z |||||
200 1 _aХимия и биохимия стеринов
_fРед. кол.: Р.В. Чаговец (отв. ред.) и др.
210 _aКиев
_cНаукова думка
_d1979
215 _a99 с.
_cил.
_d27
225 1 _aБиохимия животных и человека
_iРеспубликанский межведомственный сборник
_vВып. 3
300 _aНа обл. только загл. сер.
320 _aБиблиогр. в конце статей
686 _aЕ902.513.5я43
_2rubbk
702 1 _aЧаговец
_bР.В.
_gРостислав Всеволодович
_4340
801 0 _aRU
_bNLR
_gpsbo
801 1 _aRU
_bELAR
_2rusmarc
852 _aNLR
_jDesideratum
899 _aRuMoRGB
_jXXIV 290/92
899 _aRuMoRGB
_jXXIV 290/93
942 _cBOOK
980 _aNB